000 00608nam a2200193Ia 4500
005 20250508162157.0
008 008 250505s9999 xx 000 0 eng d
037 _aDissertations
040 _aFEDL
_beng
_cFEDL
041 _aeng
_2eng
084 _a370.1, RUM/DI
_qFEDL
100 _aRumesh Chander
_9543759
245 0 _aAnalytical study of the relative nature of physical and social facts and their connections with methodology
260 _c1981
300 _a74p.
546 _aM. Ed. Dissertation (Delhi University))
942 _cDIS
_h370.1, RUM/DI
999 _c1374843
_d1374843